000 02118cam a22003737i 4500
001 18238704
005 20250109142643.0
008 140723s2015 inua b 001 0 eng d
020 _a9781118876138
041 _aeng
082 0 4 _a006.3
_bDAT
245 0 0 _aData science and big data analytics :
_bdiscovering, analyzing, visualizing and presenting data /
_cEMC Education Services ; key contributors David Dietrich, Barry Heller, Beibei Yang.
246 3 _aData science and big data analytics
260 _aHoboken :
_bJohn Wiley & Sons,
_c2015
300 _axviii, 410 pages :
_c28 cm
520 _aThis book is about harnessing the power of data for new insights. The book covers the breadth of activities, methods, and tools that data scientists use. The content focuses on concepts, principles and practical applications that are relevant to any industry and technology environment.--
650 0 _aData mining.
650 0 _aBig data.
650 0 _aQuantitative research.
653 _aTrí tuệ nhân tạo
700 1 _aDietrich, David
700 1 _aHeller, Barry,
700 1 _aYang, Beibei,
710 2 _aEMC Education Services.
856 _uhttps://bookworm.vnu.edu.vn/EDetail.aspx?id=160874&f=nhande&v=Discovering%2c+Analyzing%2c+Visualizing+and+Presenting+Data
911 _aDung
919 _bGiáo trình chương trình Thạc sĩ ICE
_cINS7025
_dBig data analytics
_dPhân tích dữ liệu lớn
919 _aChương trình FDB
_bGiáo trình chương trình FDB
_cINS7025
_dPhân tích dữ liệu lớn
_dBig Data Analytics
919 _aChương trình ISEL
_bGiáo trình chương trình ISEL
_cINS7025
_dPhân tích dữ liệu lớn
_dBig Data Analytics
919 _a5Chương trình BDA
_bSách tham khảo chương trình DBA
_cINS7025
_dPhân tích dữ liệu lớn
_dBig Data Analytics
919 _a5Chương trình BDA
_bSách tham khảo chương trình DBA
_cINS3076
_dPhân tích dữ liệu lớn
_dBig Data Analytics
919 _aChương trình AAI
_bGiáo trình chương trình AAI
_cINS3076
_dPhân tích dữ liệu lớn
_dBigdata Anlytics
942 _2ddc
_cTB
999 _c9462
_d9462